Statistics for Animal Alphabet Picture 37

Click here to take the quiz!

General Stats

  • This quiz has been taken 19 times
  • The average score is 21 of 26

Answer Stats

Answer% Correct
Alligator
100%
Beaver
100%
Cheetah
100%
Deer
100%
Elephant
100%
Flamingo
100%
Giraffe
100%
Hyena
100%
Jaguar
94%
Koala
94%
Lemur
94%
Otter
94%
Penguin
94%
Seal
94%
Tiger
94%
Unicorn
94%
Wolf
94%
Zebra
94%
Iguana
88%
Raccoon
88%
Yak
88%
Macaw
59%
Quetzal
24%
Vicuna
24%
Numbat
18%
Xerus
12%

Score Distribution

Percentile by Number Answered

Percent of People with Each Score

Your Score History

You have not taken this quiz